| 000 | 00000nam##2200000za#4500 |
| 001 | 9.681254 |
| 003 | CaOODSP |
| 005 | 20200330070347 |
| 007 | ta |
| 008 | 150407|2000||||xxc||||| f|0| 0 fre|d |
| 020 | |a0-662-85025-4 |
| 040 | |aCaOODSP|bfre |
| 043 | |an-cn--- |
| 086 | 1 |aFs23-391/2000F |
| 110 | 1 |aCanada.|bMinistère des pêches et des océans.|bRégion des Maritimes.|bGestion des pêches. |
| 245 | 13|aLa gestion des pêches sur la côte Atlantique du Canada : |bdocument de travail sur l'orientation et les principes stratégiques |
| 260 | |aOttawa - Ontario : |bPêches et Océans Canada. |c2000. |
| 300 | |axii, 73p. ; |c28 cm. |
| 563 | |aCouverture souple |
| 590 | |a01-08|b2001-02-23 |
| 691 | 07|aPêcheries|2gcpds |
| 691 | 07|aPolitique des pêches|2gcpds |
| 691 | 07|aConservation des ressources|2gcpds |
| 775 | 08|tThe management of fisheries on Canada's Atlantic coast : |w(CaOODSP)9.647871 |